Principios de macroeconomía (Registro nro. 5338)

Detalles MARC
000 -LEADER
fixed length control field 01431 a2200229 4500
001 - CONTROL NUMBER
control field 54070
005 - DATE AND TIME OF LATEST TRANSACTION
control field 20260407155811.0
008 - FIXED-LENGTH DATA ELEMENTS--GENERAL INFORMATION
fixed length control field 260407a1976 arg spa d
003 - CONTROL NUMBER IDENTIFIER
control field AR-UNSa-BCEJYS
040 ## - CATALOGING SOURCE
Original cataloging agency AR-UNSa-BCEJYS
Language of cataloging spa
Transcribing agency AR-UNSa-BCEJYS
080 ## - UNIVERSAL DECIMAL CLASSIFICATION NUMBER
Universal Decimal Classification number 330.101.541
Common auxiliary subdivision Macroeconomía
041 ## - LANGUAGE CODE
Language code of text/sound track or separate title spa
100 1# - MAIN ENTRY--PERSONAL NAME
Personal name Reynolds, Lloyd G.
245 10 - TITLE STATEMENT
Title Principios de macroeconomía
250 ## - EDITION STATEMENT
Edition statement 2a. ed.
264 #1 - PRODUCTION, PUBLICATION, DISTRIBUTION, MANUFACTURE, AND COPYRIGHT NOTICE
Place of production, publication, distribution, manufacture Buenos Aires :
Name of producer, publisher, distributor, manufacturer El Ateneo
Date of production, publication, distribution, manufacture, or copyright notice 1976
300 ## - PHYSICAL DESCRIPTION
Extent 184 p.
Dimensions 26 cm.
505 ## - FORMATTED CONTENTS NOTE
Formatted contents note 1. Introducción a la economía – 2. Las decisiones de carácter económico en una economía socialista – 3. La economía de mercado – 4. Oferta y demanda – 5. La economía de los Estados Unidos de América – 6. Medición de los ingresos y de la producción – 7. Ingreso Nacional – 8. Ingreso, precios y nivel de empleo – 9. Fluctuaciones del ingreso nacional – 10. Impuestos, presupuestos y política fiscal – 11. La oferta de dinero y los bancos – 12. La política monetaria – 13. El dinero y el ingreso – 14. Alto nivel de empleo y estabilidad de precios – 15. El sistema monetario mundial – 16. Comercio internacional – 17. Comercio y política económica – 18. Razones del crecimiento económico – 19. El crecimiento económico en la actualidad – 20. Los países de menor desarrollo (PDM).
590 ## - LOCAL NOTE (RLIN)
Local note niveau_biblio:m niveau_hierar:0
700 1# - ADDED ENTRY--PERSONAL NAME
Personal name Michas, Nicholas A.
942 ## - ADDED ENTRY ELEMENTS (KOHA)
Koha item type
Existencias
Withdrawn status Lost status Damaged status Not for loan Home library Current library Shelving location Date acquired Total checkouts Full call number Barcode Date last seen Price effective from Koha item type
        Biblioteca Prof. Eusebio Cleto del Rey Biblioteca Prof. Eusebio Cleto del Rey   07/04/2026   330.101.541 R462 2ed. L33167 07/04/2026 07/04/2026 Libro